header

Pacific citizens (Record no. 76728)

MARC details
000 -LEADER
fixed length control field 02168nam a2200481 a 4500
082 04 - DEWEY DECIMAL CLASSIFICATION NUMBER
Classification number 973/.04956
100 1# - MAIN ENTRY--AUTHOR NAME
Personal name Tajiri, Larry,
245 10 - TITLE STATEMENT
Title Pacific citizens
260 ## - PUBLICATION, DISTRIBUTION, ETC. (IMPRINT)
Place of publication Urbana :
Name of publisher University of Illinois Press,
Year of publication c2012.
300 ## - PHYSICAL DESCRIPTION
Number of Pages xxxix, 295 p. :
Other physical details ill.
490 1# - SERIES STATEMENT
Series statement The Asian American experience
500 ## - GENERAL NOTE
General note Articles and correspondence of Larry Tajiri with a selection of writings by Guyo Tajiri.
650 #0 - SUBJECT ADDED ENTRY--TOPICAL TERM
Topical Term Japanese Americans
Topical Term Japanese Americans
Topical Term Japanese Americans
Topical Term World War, 1939-1945
Topical Term Japanese American newspapers
700 1# - ADDED ENTRY--PERSONAL NAME
Personal name Robinson, Greg,
Personal name Tajiri, Guyo,
856 40 - ELECTRONIC LOCATION AND ACCESS
Uniform Resource Identifier http://site.ebrary.com/lib/rucke/Doc?id=10653971

No items available.

© 2026 Rongo University
Contact us: librarian | system librarian | Rongo university